000 00839nam a2200313Ia 4500
001 3782
005 20240113233652.0
007 ta
008 050603s 199 g b000 u eng u
020 _a3-540-67940-5
040 _aCotton College,Assam
041 _aeng
082 _a512
_bEs 51 Pr
100 _aEsmonde, Jody .
245 0 _aProblems in Algebric Number Theory /
_cJody Esmonde & M. Ram Murty.
_hTextual Documents
250 _a1st ed. /
260 _aNew York :
_bSpringer-Verlag ,
_cC 1999.
300 _axiv,314p. ;
_c23cm.
504 _aBib, Index
653 _aMathematics
653 _aAlgebric Number Theory
653 _aNumber Theory-Algebric
653 _aPG-Mathematics
700 _aMurty, M. Ram .
942 _2ddc
_cBK
999 _c3770
_d3770